Sports Quiz

Random Sports or Football Quiz

Michigan Football Coaches since 1901 Quiz Stats

Quiz not verified by Sporcle

Challenge
Share
Tweet
Embed
Score 0/13 Timer 05:00
0 Plays Today
Years Coaches Coach Name % Correct
2015-presentJim Harbaugh
99.1%
2008-2010Rich Rodriguez
97.7%
1995-2007Lloyd Carr
97.5%
1969-1989Glenn (Bo) Schembechler
96.1%
1901-23 and 1925-26Fielding H. (Hurry-Up) Yost
86.1%
1990-1994Gary O. Moeller
76.6%
1938-1947Herbert O. (Fritz) Crisler
66.5%
1959-1968Chalmers (Bump) Elliott
48.5%
1948-1958Bennie G. Oosterbaan
46.8%
2011-2014Brady Hoke
35.5%
1929-1937Harry G. Kipke
26.3%
1924George R. Little
10.3%
1927-1928Elton E. (Tad) Wieman
8.6%

You're not logged in!

Compare scores with friends on all Sporcle quizzes.
Join for Free
OR
Log In

You Might Also Like...

Show Comments

Extras

Top Quizzes Today


Score Distribution

Your Account Isn't Verified!

In order to create a playlist on Sporcle, you need to verify the email address you used during registration. Go to your Sporcle Settings to finish the process.

Report this User

Report this user for behavior that violates our Community Guidelines.

Details: